[Event "Sachsen-Anhalt Landesliga A 18/19"]
[Site "Sachsen Anhalt"]
[Date "2019.04.07"]
[Round "9.4"]
[White "Eschner, Fabian"]
[Black "Krueger, Jacob"]
[Result "1-0"]
[WhiteElo "1672"]
[BlackElo "1796"]
[PlyCount "111"]
[EventDate "2018.09.23"]
[EventType "team-tourn"]
[EventRounds "9"]
[EventCountry "GER"]
[SourceTitle "EXT 2022"]
[Source "ChessBase"]
[SourceDate "2021.10.06"]
[SourceVersion "1"]
[SourceVersionDate "2021.10.06"]
[SourceQuality "1"]
[WhiteTeam "Magdeburg Aufbau Elbe IV"]
[BlackTeam "Gardelegen"]
[WhiteTeamCountry "GER"]
[BlackTeamCountry "GER"]

1. e4 c5 2. Nf3 Nc6 3. d4 cxd4 4. Nxd4 e6 5. Be3 Be7 6. Nc3 a6 7. a3 Nf6 8. Be2 0-0 9. 0-0 Qc7 10. f4 d6 11. Qd2 Rd8 12. Rad1 Bd7 13. Bf3 Nxd4 14. Qxd4 Bc6 15. Qb6 Qb8 16. Qa5 Nd7 17. Qh5 Nf8 18. f5 e5 19. Qg4 Nd7 20. Bh6 Bf8 21. Bg5 f6 22. Be3 Nc5 23. Be2 b5 24. Rf3 Kf7 25. Nd5 Bxd5 26. Rxd5 Ke7 27. Kf1 Rc8 28. b3 Nb7 29. Bd3 Nc5 30. Be2 Kd7 31. Rf2 Kc6 32. Bd3 Nxd3 33. Rxd3 Kb7 34. Qh5 h6 35. Qf7+ Rc7 36. Qd5+ Kc8 37. Bb6 Raa7 38. Bxa7 Rxa7 39. Qc6+ Kd8 40. Rc3 a5 41. a4 bxa4 42. Qxa4 Ke7 43. Rd2 Kd8 44. Rd5 Qb6 45. Rb5 Qa6 46. Rc4 Ra8 47. b4 d5 48. Rxd5+ Bd6 49. b5 Qb6 50. Rc6 Qe3 51. Rcxd6+ Ke7 52. Qc4 Qf4+ 53. Ke2 Qg4+ 54. Ke1 Ra7 55. Rxe5+ Kxd6 56. Re6+ 1-0

[Event "Sachsen-Anhalt Verbandsliga 18/19"]
[Site "Sachsen Anhalt"]
[Date "2018.10.21"]
[Round "1.7"]
[White "Eschner, Fabian"]
[Black "Heyne, Jan Hendrik"]
[Result "0-1"]
[WhiteElo "1672"]
[BlackElo "1890"]
[PlyCount "168"]
[EventDate "2018.10.21"]
[EventType "team-tourn"]
[EventRounds "9"]
[EventCountry "GER"]
[SourceTitle "EXT 2022"]
[Source "ChessBase"]
[SourceDate "2021.10.06"]
[SourceVersion "1"]
[SourceVersionDate "2021.10.06"]
[SourceQuality "1"]
[WhiteTeam "Magdeburg Aufbau Elbe III"]
[BlackTeam "Magdeburg Aufbau Elbe II"]
[WhiteTeamCountry "GER"]
[BlackTeamCountry "GER"]

1. e4 e5 2. Nf3 Nc6 3. Bc4 Bc5 4. c3 Nf6 5. d4 exd4 6. cxd4 Bb4+ 7. Bd2 Bxd2+ 8. Nbxd2 d5 9. exd5 Ne7 10. 0-0 0-0 11. Re1 Nexd5 12. Qb3 c6 13. Ne4 b5 14. Bxd5 Nxd5 15. Ne5 Be6 16. Nc5 Nc7 17. Nxe6 Nxe6 18. Nxc6 Nxd4 19. Nxd4 Qxd4 20. Rad1 Qf6 21. Qxb5 Rab8 22. Qc5 Qxb2 23. Qxa7 Ra8 24. Qe7 Qxa2 25. g3 g6 26. Qe2 Qa4 27. Qe4 Qb5 28. Qd5 Qb6 29. Rb1 Qf6 30. Qe5 Qc6 31. Qe4 Qa6 32. Ra1 Qxa1 33. Rxa1 Rxa1+ 34. Kg2 Rd8 35. Qe7 Rad1 36. h4 R8d5 37. Qe4 R1d2 38. Qe8+ Kg7 39. Qe3 h6 40. Qb3 Kh7 41. g4 R2d4 42. f3 Rd3 43. Qb7 Rd7 44. Qe4 Rc3 45. Qe8 Rb7 46. Kg3 Rc5 47. h5 Kg7 48. Qd8 Rbc7 49. Qd4+ Kg8 50. Qd8+ Kh7 51. Qd3 Rc3 52. Qe4 R3c4 53. Qe5 g5 54. Qf5+ Kg8 55. Qf6 R7c6 56. Qd8+ Kg7 57. Qd5 Rc1 58. Qd4+ Rf6 59. Kg2 Rc2+ 60. Kg3 Ra2 61. Qc3 Ra4 62. Kf2 Raf4 63. Ke2 Rxf3 64. Qa1 R3f4 65. Qg1 Re6+ 66. Kd2 Rd6+ 67. Kc3 Rdd4 68. Qxd4+ Rxd4 69. Kxd4 Kf6 70. Kd5 Ke7 71. Ke5 f6+ 72. Kd5 Kd7 73. Kd4 Kd6 74. Ke4 Ke6 75. Kf3 f5 76. gxf5+ Kxf5 77. Kg3 Ke5 78. Kf3 Kd4 79. Kf2 Ke4 80. Kg3 Kf5 81. Kf3 g4+ 82. Kg3 Kg5 83. Kh2 Kxh5 84. Kg3 Kg5 0-1

[Event "GER-chT U12"]
[Site "Magdeburg"]
[Date "2016.12.29"]
[Round "5.3"]
[White "Hansen, Jonah"]
[Black "Eschner, Fabian"]
[Result "0-1"]
[WhiteElo "1265"]
[BlackElo "1515"]
[PlyCount "96"]
[EventDate "2016.12.27"]
[EventType "team-swiss"]
[EventRounds "7"]
[EventCountry "GER"]
[SourceTitle "EXT 2018"]
[Source "ChessBase"]
[SourceDate "2017.10.13"]
[SourceVersion "1"]
[SourceVersionDate "2017.10.13"]
[SourceQuality "1"]
[WhiteTeam "Rheydt"]
[BlackTeam "Magdeburg Schachzwerge"]
[WhiteTeamCountry "GER"]
[BlackTeamCountry "GER"]

1. e4 c5 2. d3 Nc6 3. Nc3 g6 4. g3 Nf6 5. Bg2 Bg7 6. Nh3 0-0 7. 0-0 e6 8. Be3 d6 9. Qd2 Rb8 10. Bh6 b5 11. Bxg7 Kxg7 12. f4 Qb6 13. Kh1 Rd8 14. Rae1 c4 15. f5 cxd3 16. cxd3 Ne5 17. d4 Nc4 18. Qg5 h6 19. Qh4 exf5 20. exf5 Bxf5 21. g4 Nxg4 22. Rf4 Re8 23. Rxe8 Rxe8 24. Nd5 Qd8 25. Qxd8 Rxd8 26. b3 Nb2 27. Bf1 Nd1 28. Be2 Nge3 29. Nxe3 Nxe3 30. Rf3 Be4 31. Kg1 Bxf3 32. Bxf3 Nc2 33. Be4 Nxd4 34. Nf4 Re8 35. Bd3 Ne6 36. Nxe6+ fxe6 37. Bxb5 Rd8 38. a3 d5 39. Kf2 Kf6 40. a4 e5 41. Bc6 g5 42. b4 Ke7 43. Kf3 h5 44. Kg3 Kd6 45. b5 Rc8 46. Bb7 Rc3+ 47. Kg2 Ra3 48. a5 Rxa5 0-1

[Event "GER-chT U12"]
[Site "Magdeburg"]
[Date "2016.12.27"]
[Round "1.2"]
[White "Eschner, Fabian"]
[Black "Kamp, Adrian"]
[Result "1/2-1/2"]
[WhiteElo "1515"]
[BlackElo "1608"]
[PlyCount "94"]
[EventDate "2016.12.27"]
[EventType "team-swiss"]
[EventRounds "7"]
[EventCountry "GER"]
[SourceTitle "EXT 2018"]
[Source "ChessBase"]
[SourceDate "2017.10.13"]
[SourceVersion "1"]
[SourceVersionDate "2017.10.13"]
[SourceQuality "1"]
[WhiteTeam "Magdeburg Schachzwerge"]
[BlackTeam "Muenster"]
[WhiteTeamCountry "GER"]
[BlackTeamCountry "GER"]

1. e4 c5 2. Nf3 d6 3. d4 cxd4 4. Nxd4 Nf6 5. Nc3 g6 6. Bg5 Bg7 7. Qd2 Nc6 8. Nxc6 bxc6 9. Be2 0-0 10. Rd1 Bb7 11. 0-0 Qc7 12. Bh6 Rab8 13. Bxg7 Kxg7 14. Qe3 Ba8 15. b3 Qa5 16. h3 Nd7 17. Bg4 Ne5 18. Ne2 Nxg4 19. hxg4 Qb6 20. Qc3+ Kg8 21. Nf4 Qb4 22. Qxb4 Rxb4 23. f3 c5 24. c3 Rb6 25. Nd5 Bxd5 26. Rxd5 Ra6 27. Rf2 e6 28. Rd3 Rd8 29. Rfd2 Kf8 30. b4 Rc8 31. a4 cxb4 32. cxb4 Rc4 33. Rxd6 Rxd6 34. Rxd6 Rxb4 35. a5 Ke7 36. Ra6 Rb7 37. g5 Kd7 38. e5 Kc7 39. Kh2 Kd7 40. Kh3 Kc7 41. g3 Kd7 42. f4 Kc7 43. Kh4 Kd7 44. Kg4 Kc7 45. Kh3 Kd7 46. Kh4 Kc7 47. Kg4 Kd7 1/2-1/2

[Event "GER-chT U12"]
[Site "Magdeburg"]
[Date "2015.12.27"]
[Round "1.1"]
[White "Wu, Leon"]
[Black "Eschner, Fabian"]
[Result "1-0"]
[WhiteElo "1714"]
[BlackElo "1399"]
[PlyCount "89"]
[EventDate "2015.12.27"]
[EventType "team-swiss"]
[EventRounds "7"]
[EventCountry "GER"]
[SourceTitle "EXT 2017"]
[Source "ChessBase"]
[SourceDate "2016.10.25"]
[SourceVersion "1"]
[SourceVersionDate "2016.10.25"]
[SourceQuality "1"]
[WhiteTeam "Mannheim Lindenhof"]
[BlackTeam "Magdeburg Schachzwerge"]
[WhiteTeamCountry "GER"]
[BlackTeamCountry "GER"]

1. e4 c5 2. Nf3 Nc6 3. d4 cxd4 4. Nxd4 g6 5. Nc3 Bg7 6. Be3 Nf6 7. Bc4 0-0 8. f3 Qb6 9. Bb3 Nxe4 10. fxe4 Nxd4 11. Nd5 Qa5+ 12. Bd2 Qd8 13. c3 Nxb3 14. Qxb3 e6 15. Nf4 Qc7 16. 0-0-0 Rb8 17. h4 b5 18. Kb1 Bb7 19. Rde1 Qd6 20. Bc1 Rfc8 21. h5 Rc4 22. hxg6 fxg6 23. Ka1 Rxe4 24. Rxe4 Bxe4 25. Rd1 Qe7 26. Re1 Bf5 27. a3 Qc5 28. Be3 Qc7 29. Ne2 a6 30. Nd4 Qg3 31. Qd1 Bg4 32. Qd2 Qd6 33. Qf2 Be5 34. Bh6 Bf5 35. Nxf5 exf5 36. Qe3 Bg7 37. Bf4 Qb6 38. Bxb8 Qxb8 39. Qd3 d6 40. Re7 Bf6 41. Qd5+ Kh8 42. Rd7 Qe8 43. Rxd6 Kg7 44. Qb7+ Qe7 45. Rd7 1-0

[Event "GER-chT U10"]
[Site "Magdeburg"]
[Date "2014.12.28"]
[Round "5.3"]
[White "Hoffmann, Siegfried1111"]
[Black "Eschner, Fabian"]
[Result "0-1"]
[WhiteElo "1231"]
[BlackElo "1216"]
[PlyCount "84"]
[EventDate "2014.12.27"]
[EventType "team-swiss"]
[EventRounds "7"]
[EventCountry "GER"]
[SourceTitle "EXT 2016"]
[Source "ChessBase"]
[SourceDate "2015.10.08"]
[SourceVersion "1"]
[SourceVersionDate "2015.10.08"]
[SourceQuality "1"]
[WhiteTeam "Magdeburg USC"]
[BlackTeam "Magdeburg Schachzwerge"]
[WhiteTeamCountry "GER"]
[BlackTeamCountry "GE2"]

1. e4 e5 2. Nf3 Nc6 3. Bc4 Nf6 4. d3 Bc5 5. Nc3 0-0 6. Bg5 Be7 7. Bb5 d6 8. h3 a6 9. Bc4 b5 10. Bd5 Bb7 11. d4 Rb8 12. dxe5 dxe5 13. Bxc6 Bxc6 14. Qe2 Nd7 15. Bxe7 Qxe7 16. Nd5 Bxd5 17. exd5 Qc5 18. c3 Qc4 19. Qxc4 bxc4 20. Rb1 f6 21. 0-0 Nb6 22. Rfd1 Rfd8 23. b3 Rxd5 24. bxc4 Rxd1+ 25. Rxd1 Nxc4 26. Rd7 c6 27. Ra7 a5 28. Re7 Rb6 29. a4 Nb2 30. Ra7 Nxa4 31. c4 Nb2 32. Rxa5 Nxc4 33. Rc5 Nb2 34. Kf1 g5 35. Ke2 Na4 36. Rc4 Ra6 37. Ke3 Kf7 38. g4 Ke6 39. Re4 Kd5 40. h4 c5 41. hxg5 fxg5 42. Nxg5 Nc3 0-1

[Event "GER-ch U10"]
[Site "Magdeburg"]
[Date "2014.06.14"]
[Round "11"]
[White "Ewerhardy, Moritz"]
[Black "Eschner, Fabian"]
[Result "1/2-1/2"]
[WhiteElo "1190"]
[BlackElo "1018"]
[PlyCount "41"]
[EventDate "2014.06.08"]
[EventType "swiss"]
[EventRounds "11"]
[EventCountry "GER"]
[SourceTitle "CBM 160 Extra"]
[Source "ChessBase"]
[SourceDate "2014.07.01"]
[SourceVersion "1"]
[SourceVersionDate "2014.07.01"]
[SourceQuality "1"]

1. e4 c5 2. Nf3 Nc6 3. d4 cxd4 4. Nxd4 g6 5. c4 Bg7 6. Be3 Nf6 7. Nc3 a6 8. Be2 0-0 9. 0-0 d6 10. Qc2 Nxd4 11. Bxd4 Bd7 12. Be3 Re8 13. b4 Qc7 14. Rac1 Rac8 15. f3 b6 16. Qd1 Qb7 17. Qb3 Be6 18. Na4 b5 19. Nb2 Nd7 20. Rb1 Nb6 21. Rfc1 1/2-1/2

[Event "GER-ch U10"]
[Site "Magdeburg"]
[Date "2014.06.09"]
[Round "3"]
[White "Nguyen, Alex Dac Vuong"]
[Black "Eschner, Fabian"]
[Result "1-0"]
[WhiteElo "1645"]
[BlackElo "1018"]
[PlyCount "113"]
[EventDate "2014.06.08"]
[EventType "swiss"]
[EventRounds "11"]
[EventCountry "GER"]
[SourceTitle "CBM 160 Extra"]
[Source "ChessBase"]
[SourceDate "2014.07.01"]
[SourceVersion "1"]
[SourceVersionDate "2014.07.01"]
[SourceQuality "1"]

1. e4 e5 2. Nf3 Nc6 3. d4 exd4 4. Bc4 Bc5 5. c3 Nf6 6. e5 d5 7. exf6 dxc4 8. fxg7 Rg8 9. 0-0 Rxg7 10. Re1+ Be6 11. cxd4 Be7 12. Bf4 Qd7 13. Nc3 0-0-0 14. Qa4 Bf6 15. Rad1 Bd5 16. Nxd5 Qxd5 17. Bg3 h5 18. h4 a6 19. Ne5 Re8 20. Nxc6 Rxe1+ 21. Rxe1 Qxc6 22. Qxc6 bxc6 23. Be5 Rg6 24. Bxf6 Rxf6 25. g3 Rd6 26. Re4 Kd7 27. Kf1 Rd5 28. Ke2 Ra5 29. Kd2 Rxa2 30. Kc3 Ra4 31. Re5 Ra2 32. Rxh5 Ra1 33. Kxc4 Rf1 34. Rf5 Rh1 35. h5 Ke6 36. g4 f6 37. Kd3 Rg1 38. f3 Rh1 39. Ra5 Rb1 40. Rxa6 Rxb2 41. Rxc6+ Kd7 42. Rxf6 Ke7 43. Rf5 Rh2 44. Ke4 Ke6 45. d5+ Kd6 46. Rf6+ Ke7 47. Rc6 Kd7 48. h6 Kd8 49. g5 Kd7 50. Rg6 Ke8 51. Rg7 Kf8 52. Rxc7 Kg8 53. d6 Rh1 54. Kf5 Rd1 55. g6 Rxd6 56. Rc8+ Rd8 57. Rxd8# 1-0

[Event "GER-chT U10"]
[Site "Magdeburg"]
[Date "2012.12.27"]
[Round "1.3"]
[White "Wadepfuhl, Jeremy"]
[Black "Eschner, Fabian"]
[Result "1-0"]
[WhiteElo "803"]
[BlackElo "681"]
[PlyCount "33"]
[EventDate "2012.12.27"]
[EventType "team-swiss"]
[EventRounds "7"]
[EventCountry "GER"]
[SourceTitle "EXT 2014"]
[Source "ChessBase"]
[SourceDate "2013.11.20"]
[SourceVersion "1"]
[SourceVersionDate "2013.11.20"]
[SourceQuality "1"]
[WhiteTeam "Magdeburg Schachzwerge II"]
[BlackTeam "Friedrichsfelde Borussia"]
[WhiteTeamCountry "GER"]
[BlackTeamCountry "GER"]

1. e4 e5 2. Nf3 Nc6 3. Nc3 Nd4 4. Be2 Nxe2 5. Qxe2 d6 6. 0-0 Be6 7. d3 Qd7 8. Be3 0-0-0 9. d4 Qc6 10. d5 Qd7 11. dxe6 Qxe6 12. Ng5 Qd7 13. Qb5 Qxb5 14. Nxb5 f6 15. Nf7 Ne7 16. Nxh8 Re8 17. Bxa7 1-0